000 00273nam a22001217a 4500
020 _a978-1- 292-72590-1
040 _cDLC
082 _a515
_bHAS
100 _aHass
_9133463
245 _aThomas' Calculus - 15th Edition SI Units
250 _a15
942 _2ddc
_cBK
_e15th
999 _c616422
_d616422